Villains by Letter-M - Statistics

General Stats
  • This quiz has been taken 46 times
  • The average score is 9 of 16
Answer Stats
Picture Answer % Correct
Magneto
93%
Michael Corleone
90%
Michael Myers
90%
Maleficent
83%
Megatron
71%
Mr. Freeze
71%
Mr. Mxyzptlk
71%
Mysterio
68%
Mad Hatter
66%
Marv Murchins
41%
Max Zorin
29%
Mer-Man
29%
Miss Scarlet
24%
Mola Ram
22%
Magica De Spell
12%
Maldor the Malevolent
7%
No matching quizzes found
Score Distribution
Percent of People with Each Score
Percentile by Number Answered
Your Score History
You have not taken this quiz